000 01016nam a2200265Ia 4500
003 OSt
005 20220923211521.0
006 a|||||r|||| 00| 0
007 ta
008 220922b |||||||| |||| 00| 0 hin d
020 _a9789380823317 (hbk)
_c300
024 _a354,143
037 _bG-949/21-22, 29/12/2021, hinohar Publisher & Distributors
_cTextual
040 _aARTS
_cARTS
_bhin
041 _2hin
_ahin
082 _aV2:51y7N06, 152Q9
100 _aभारत भूषण, ले.
245 0 _aअमर क्रांतिवीर चंद्रशेखर आजाद
246 _aAmar krāantivīr chandrashekhar ājāda
260 _aनई दिल्ली
_b प्रतिभा प्रतिष्ठान
_c2019
300 _a136पृ.
_ccm.
650 _aइतिहास
_9156320
942 _hV2:51y7N06, 152Q9
_cTEXL
_2CC
999 _c300319
_d300319